| 000 | 01319nam a22002295i 4500 | ||
|---|---|---|---|
| 001 | 166937 | ||
| 003 | ES-MaACL | ||
| 005 | 20251015063150.0 | ||
| 008 | 000713m18831887fr |||| | fre d | ||
| 040 |
_aCCPB | B _bspa _cCCPB | B |
||
| 100 | 1 |
_aVallée, Léon, _d18-?-1919 _9133531 |
|
| 245 | 1 | 0 |
_aBibliographie des bibliographies _b: première partie catalogue des bibliographies générales et particulières, par ordre alphabétique d´auters ... seconde partie répertoire des mèmes bibliographies par ordre alphabétique de matières / _cpar Léon Vallée. |
| 260 |
_aParis : _bE.M. Terquem, _c1883-1887 ( _eStuttgart : _fimprimerie Kröner Frères) |
||
| 300 |
_a2 v. ; _c26 cm. |
||
| 505 | 8 | _aContiene: 1. Catalogue des bibliographies générales et particulières, par ordre alphabétique d'auteurs, avec indication complète du titre, des lieu et date de publication, du format, etc. (VI, 773 p.) -- 2. Répertoire des mêmes bibliographies par ordre alphabétique de matières. Supplément (354 p.) | |
| 596 | 1 | _a2º vol. impreso en Rennes por Imprimerie Polyglotte Alph. Le Roy Fils. | |
| 650 | 4 |
_aBibliografía- _vBibliografías. _9224470 |
|
| 752 |
_aFrancia - _dParís |
||
| 752 |
_aAlemania - _dStuttgart |
||
| 852 |
_aES-MaACL _jB-3878-3879 _z-- Enc. pasta |
||
| 999 |
_c166937 _d166937 |
||